000 00245nam a2200097Ia 4500
008 191206s9999 xx 000 0 und d
020 _a9.78408E+11
090 _aHF5635.D798
245 0 _aManagement and cost accounting 8th edition
260 _cc2012
999 _c16407
_d16407